Puchar Świata - klasyfikacja generalna za sezon 2012/13 - Statystyki

Ogólne statystyki
  • Ten quiz został rozwiązany 110 razy
  • Średni wynik to 56 z 81
Statystyki odpowiedzi
Miejsce Skoczek Narodowość Pkt % Poprawnych
3. Kamil Stoch Polska 953
99%
7. Peter Prevc Słowenia 744
95%
15. Piotr Żyła Polska 485
94%
1. Gregor Schlierenzauer Austria 1620
93%
18. Maciej Kot Polska 460
93%
24. Noriaki Kasai Japonia 328
92%
4. Severin Freund Niemcy 923
92%
25. Thomas Morgenstern Austria 312
92%
Daiki Ito Japonia 298
91%
14. Simon Ammann Szwajcaria 553
91%
5. Anders Jacobsen Norwegia 878
90%
36. Dawid Kubacki Polska 142
90%
6. Robert Kranjec Słowenia 802
90%
Roman Koudelka Czechy 40
90%
2. Anders Bardal Norwegia 999
89%
10. Jan Matura Czechy 631
89%
17. Andreas Kofler Austria 473
87%
62. Jakub Janda Czechy 13
86%
31. Stefan Kraft Austria 202
86%
8. Richard Freitag Niemcy 736
84%
33. Vladimir Zografski Bułgaria 183
84%
13. Jurij Tepes Słowenia 571
83%
32. Denis Kornilov Rosja 190
82%
38. Krzysztof Miętus Polska 103
82%
54. Stefan Hula Polska 28
80%
22. Dimitriy Vassiliev Rosja 372
79%
55. Mackenzie Boyd-Clowes Kanada 27
79%
21. Taku Takeuchi Japonia 381
79%
20. Andreas Wellinger Niemcy 393
78%
76. Davide Bresadola Włochy 5
78%
41. Karl Geiger Niemcy 86
78%
75. Klemens Murańka Polska 6
78%
35. Lukas Hlava Czechy 159
78%
29. Martin Koch Austria 219
78%
9. Michael Neumayer Niemcy 678
78%
12. Wolfgang Loitzl Austria 592
78%
23. Rune Velta Norwegia 337
77%
44. Gregor Deschwanden Szwajcaria 58
76%
30. Manuel Fettner Austria 211
76%
34. Michael Hayboeck Austria 163
76%
37. Sebastian Colloredo Włochy 111
76%
Aleksander Zniszczoł Polska 8
75%
28. Andreas Wank Niemcy 287
75%
65. Jan Ziobro Polska 11
75%
39. Martin Schmitt Niemcy 98
75%
26. Anders Fannemel Norwegia 298
74%
81. Krzysztof Biegun Polska 1
74%
11. Tom Hilde Norwegia 618
74%
19. Andreas Stjernen Norwegia 418
71%
42. Vincent Descombes Sevoie Francja 85
71%
73. Ville Larinto Finlandia 7
70%
45. Antonin Hajek Czechy 56
69%
16. Jaka Hvala Słowenia 480
69%
60. Junshiro Kobayashi Japonia 17
68%
49. Kaarel Nurmsalu Estonia 40
66%
63. Andrea Morassi Włochy 12
63%
47. Cestmir Kozisek Czechy 46
61%
Janne Happonen Finlandia 9
61%
46. Lauri Asikainen Finlandia 50
61%
Marinus Kraus Niemcy 12
59%
53. Yuta Watase Japonia 30
56%
58. Olli Muotka Finlandia 21
55%
40. Reruhi Shimizu Japonia 94
53%
48. Matjaz Pungertar Słowenia 45
48%
Kento Sakuyama Japonia 8
47%
Ole Marius Ingvaldsen Norwegia 8
45%
43. Maximilian Mechler Niemcy 66
44%
Peter Frenette Stany Zjednoczone 21
44%
68. Felix Schoft Niemcy 8
41%
51. Danny Queck Niemcy 37
40%
61. Alexey Romashov Rosja 14
39%
56. Kim Rene Elverum Sorsell Norwegia 25
39%
Lukas Muller Austria 7
39%
Anton Kalinitschenko Rosja 2
38%
52. Ilya Roslakov Rosja 31
38%
57. Andraz Pograjc Słowenia 22
37%
79. Hiroaki Watanabe Japonia 2
37%
66. Vegard Svensen Norwegia 9
34%
77. Atle Pedersen Roensen Norwegia 4
31%
78. Simen Key Grimsrud Norwegia 3
30%
Fredrik Bjerkeengen Norwegia 8
23%
Nie znaleziono quizów pasujących do podanych kryteriów
Rozkład punktacji
Procent ludzi z każdym wynikiem
Percentyl według liczby udzielonych odpowiedzi
Twoja historia wyników
Nie rozwiązałeś tego quizu